| 000 | 02651cam a2200421 i 4500 | ||
|---|---|---|---|
| 001 | 768714001 | ||
| 003 | CO-MdFUSB | ||
| 005 | 20220427104058.0 | ||
| 007 | ta | ||
| 008 | 001214t2001 miuab b 001 0 eng | ||
| 010 | _a0802844782 | ||
| 040 |
_aDLC _beng _cCO-MdFUSB _dUKM _dLVB _dOCLCQ _dNLGGC _dBAKER _dBTCTA _dYDXCP _dOCLCG _dHEBIS _dFCX _dOCLCQ _dEUM _dOCLCO _dOCLCA _dOCLCQ _dOCLCF _erda |
||
| 041 | _aeng | ||
| 082 |
_223 _a222.4067 _bH195 |
||
| 100 | 1 |
_aHalpern, Baruch. _eautor |
|
| 245 | 1 | 0 |
_aDavid's secret demons : _bmessiah, murderer, traitor, king _c/ Baruch Halpern. |
| 264 | 1 |
_aGrand Rapids, Michigan : _bWm. B. Eerdmans Publishing Company, _c[2001] |
|
| 264 | 4 | _c© 2001 | |
| 300 |
_a492 páginas : _bilustraciones, mapas ; _c24 cm. |
||
| 336 |
_atexto _btxt _2rdacontent. |
||
| 337 |
_asin mediación _bn _2rdamedia. |
||
| 338 |
_avolumen _bnc _2rdacarrier. |
||
| 490 | 1 | _aThe Bible in its world. | |
| 504 | _aIncluye referencias bibliográficas e índices. | ||
| 505 |
_tPrimera parte: David por escrito. _gEl sorprendente David. -- La historia de David en los libros de Samuel. |
||
| 505 |
_tSegunda parte. Penetración del velo textual. _gSalir con 2 Samuel. -- El rey David, asesino en serie. |
||
| 505 |
_tTercera parte. Definición del imperio de David. _gCómo tomar lo que los reyes establecieron. -- Lectura de las Conquistas de David. -- Resolviendo la Cuestión Filistea: 2 Samuel 8:1. La conquista de Moab: 2 Samuel 8:2. -- David y Hadadezer: 2 Samuel 8:3 y la Historia del Siglo IX. -- David en el Norte y en Transjordania: 2 Samuel 8:3-11. -- La Fecha y Recepción de 2 Samuel 8. -- 2 Samuel 8 y la Historicidad del Estado Davídico. |
||
| 505 |
_tParte cuatro: Una apertura histórica a la carrera de David. _gLa cronología relativa del reinado de David. -- Geografía del Estado Davídico . |
||
| 505 |
_tParte cinco: La vida de David. _gLa juventud de David. -- David y Saúl. -- En el banquillo de los acusados en Hebrón. -- Levantándose sobre Sion. -- Llevar el Arca a casa. -- Las guerras de David. -- El regalo de Absalón. |
||
| 520 | 1 | _a"La Biblia presenta al rey David como un hombre excepcional y un modelo de devoción piadosa. Pero, ¿lo era? Algunos eruditos niegan que existiera en absoluto. ¿Lo hizo? Este desafiante libro examina críticamente la evidencia escrita y arqueológica en un esfuerzo por pintar una descripción precisa. imagen de una de las figuras centrales de la Biblia." | |
| 563 | _aPasta dura | ||
| 600 | 0 | 0 |
_aDavid, _cKing of Israel. |
| 630 | 0 | 7 |
_aBiblia. _pSamuel |
| 830 | 0 | _aBible in its world. | |
| 942 | _cBK | ||
| 945 | _aJTF-925 | ||
| 999 |
_c67481 _d67481 |
||